| 000 | 00395nam a2200145Ia 4500 | ||
|---|---|---|---|
| 008 | 230917s9999||||xx |||||||||||||| ||und|| | ||
| 040 |
_e49679 _aMAIN |
||
| 041 | _aEnglish | ||
| 082 | _a822.33 S15K | ||
| 100 | _aUre, Peter, ed. | ||
| 245 | 0 | _aKing Richard ii: The Arden edition of the works of William Shakespeare | |
| 260 |
_aLondon _bMethuen _c1966 |
||
| 300 | _alxxiii, 210 p. | ||
| 942 | _cBK | ||
| 999 |
_c60017 _d60017 |
||